[Event "26th EUR-ch"]
[Site "Katowice POL"]
[Date "2026.04.19"]
[Round "11.32"]
[White "Pultinevicius, Paulius"]
[Black "Babazada, Khazar"]
[Result "0-1"]
[WhiteElo "2562"]
[BlackElo "2480"]
[EventDate "2026.04.07"]
[PlyCount "70"]

1.d4 d5 2.c4 dxc4 3.Nf3 e6 4.e3 Nf6 5.Bxc4 c5 6.O-O a6 7.b3 cxd4 8.Nxd4 b5
9.Be2 Be7 10.a4 bxa4 11.Nc3 O-O 12.Bb2 a3 13.Bxa3 Bxa3 14.Rxa3 Qe7 15.Qa1 
e5 16.Nf3 Bb7 17.Nd2 Nc6 18.Bxa6 Nb8 19.Bxb7 Rxa3 20.Qb2 Qb4 21.Nd5 Nxd5 
22.Bxd5 Nd7 23.Nf3 Nb6 24.Be4 Ra5 25.Qb1 g6 26.Rd1 Rc5 27.h4 Rc3 28.Nxe5 
Re8 29.Rd4 Qa3 30.Nd3 Rxe4 31.Rxe4 Rxb3 32.Qxb3 Qxb3 33.Rd4 Nd5 34.Nc5 
Qb1+ 35.Kh2 Nc3 0-1

[Event "26th EUR-ch"]
[Site "Katowice POL"]
[Date "2026.04.19"]
[Round "11.33"]
[White "Gavrilescu, David"]
[Black "Kuru, Atilla"]
[Result "1/2-1/2"]
[WhiteElo "2545"]
[BlackElo "2444"]
[EventDate "2026.04.07"]
[PlyCount "61"]

1.e4 c5 2.Nf3 d6 3.d4 cxd4 4.Nxd4 Nf6 5.Nc3 Nc6 6.Bc4 e6 7.Be3 a6 8.Bb3 
Bd7 9.Qe2 Be7 10.O-O-O Qc7 11.g4 Nxd4 12.Rxd4 h5 13.gxh5 Rxh5 14.f4 Bc6 
15.f5 exf5 16.Rg1 fxe4 17.Rxg7 d5 18.Nxe4 dxe4 19.Bxf7+ Kf8 20.Qg2 Bc5 21.
Rg8+ Nxg8 22.Bxh5 Bxd4 23.Bxd4 Be8 24.Qf2+ Bf7 25.Qf5 Qc4 26.Bc5+ Ne7 27.
Qf6 Kg8 28.Bd4 Kf8 29.Bc5 Kg8 30.Bd4 Kf8 31.Bc5 1/2-1/2

[Event "26th EUR-ch"]
[Site "Katowice POL"]
[Date "2026.04.19"]
[Round "11.34"]
[White "Lavrencic, Matic"]
[Black "Warmerdam, Max"]
[Result "1-0"]
[WhiteElo "2472"]
[BlackElo "2545"]
[EventDate "2026.04.07"]
[PlyCount "83"]

1.e4 e5 2.Nf3 Nc6 3.Bc4 Nf6 4.d3 Be7 5.Nc3 d6 6.a3 O-O 7.Bd2 a5 8.h3 Be6 
9.Ng5 Bxc4 10.dxc4 Nd4 11.Be3 Ne6 12.Nf3 c6 13.Qe2 a4 14.O-O-O Qa5 15.g4 
Qa6 16.Nh4 Rfd8 17.Nf5 Bf8 18.g5 Ne8 19.h4 N8c7 20.Qf1 Rab8 21.h5 b5 22.g6
bxc4 23.Qh3 h6 24.gxf7+ Kxf7 25.Qg4 Ke8 26.Qg6+ Kd7 27.Rxd6+ Bxd6 28.Rd1 
c5 29.Bxc5 Kc6 30.Bxd6 Kb7 31.Nd5 Rd7 32.Bxe5 Rbd8 33.Nfe3 Nxd5 34.exd5 
Nc5 35.Qxa6+ Kxa6 36.Rd4 Rf7 37.Rxc4 Nd7 38.Rxa4+ Kb7 39.Rb4+ Ka6 40.Bc7 
Rc8 41.Ra4+ Kb5 42.Ra5# 1-0

[Event "26th EUR-ch"]
[Site "Katowice POL"]
[Date "2026.04.19"]
[Round "11.35"]
[White "Hrbek, Stepan"]
[Black "Kosakowski, Jakub"]
[Result "1/2-1/2"]
[WhiteElo "2460"]
[BlackElo "2533"]
[EventDate "2026.04.07"]
[PlyCount "55"]

1.c4 Nf6 2.Nf3 g6 3.Nc3 Bg7 4.e4 d6 5.d4 O-O 6.Be2 e5 7.O-O exd4 8.Nxd4 
Re8 9.f3 c6 10.Kh1 d5 11.cxd5 cxd5 12.Bg5 Nc6 13.Bb5 h6 14.Nxc6 bxc6 15.
Bxc6 hxg5 16.Bxa8 d4 17.Nd5 Ba6 18.Bc6 Re6 19.Rc1 Bxf1 20.Qxf1 Qd6 21.
Nxf6+ Rxf6 22.Bd5 g4 23.Rc8+ Kh7 24.Rc6 Qf4 25.Rxf6 Bxf6 26.g3 Qxf3+ 27.
Qxf3 gxf3 28.Kg1 1/2-1/2

[Event "26th EUR-ch"]
[Site "Katowice POL"]
[Date "2026.04.19"]
[Round "11.36"]
[White "Kusa, Jakub"]
[Black "Maksimovic, Bojan"]
[Result "1/2-1/2"]
[WhiteElo "2406"]
[BlackElo "2531"]
[EventDate "2026.04.07"]
[PlyCount "134"]

1.d4 Nf6 2.c4 g6 3.g3 Bg7 4.Bg2 c5 5.Nf3 O-O 6.O-O cxd4 7.Nxd4 Nc6 8.Nc3 
Qa5 9.e3 d6 10.h3 Bd7 11.Bd2 Qc5 12.Nxc6 Bxc6 13.Bxc6 bxc6 14.b3 Qf5 15.
Kg2 Ne4 16.Rc1 Nxc3 17.Bxc3 a5 18.Bxg7 Kxg7 19.Qd4+ Qf6 20.Rfd1 c5 21.
Qxf6+ Kxf6 22.e4 a4 23.Rd5 axb3 24.axb3 Rfb8 25.e5+ dxe5 26.Re1 Rxb3 27.
Rdxe5 Ra2 28.Rxc5 Rbb2 29.Rf1 Rc2 30.Rc6+ e6 31.h4 h5 32.Kg1 Kf5 33.Rc7 
Kf6 34.Rc6 Kg7 35.Rc5 Re2 36.Rb5 Rac2 37.Rbb1 Rxc4 38.Rfc1 Rce4 39.Rc3 Re5
40.Rf3 Re1+ 41.Rxe1 Rxe1+ 42.Kg2 e5 43.Ra3 Kf6 44.Ra6+ Kf5 45.Ra7 f6 46.
Ra6 Rb1 47.Rc6 Rb8 48.Ra6 Re8 49.Ra4 Re6 50.Rb4 Rd6 51.Ra4 Rd5 52.Rb4 e4 
53.f3 Rd2+ 54.Kh3 exf3 55.Rf4+ Ke5 56.Rxf3 g5 57.hxg5 fxg5 58.g4 Ke4 59.
Ra3 h4 60.Re3+ Kd4 61.Re4+ Kc5 62.Rc4+ Kd6 63.Rc6+ Ke5 64.Re6+ Kf4 65.Rf6+
Ke4 66.Re6+ Kd5 67.Rd6+ Kxd6 1/2-1/2

[Event "26th EUR-ch"]
[Site "Katowice POL"]
[Date "2026.04.19"]
[Round "11.37"]
[White "Alexakis, Dimitris"]
[Black "Manafov, Vugar"]
[Result "1-0"]
[WhiteElo "2528"]
[BlackElo "2432"]
[EventDate "2026.04.07"]
[PlyCount "79"]

1.e4 c5 2.Nf3 e6 3.d4 cxd4 4.Nxd4 a6 5.a3 b6 6.c4 Qc7 7.Nc3 Nf6 8.Be3 Bb7 
9.f3 Be7 10.Rc1 O-O 11.Be2 d6 12.O-O Nbd7 13.Qe1 Rac8 14.Qf2 Qb8 15.b4 
Rfe8 16.Rfd1 Bd8 17.Nb3 Bc7 18.g4 d5 19.g5 Nh5 20.cxd5 exd5 21.Bf1 Bf4 22.
Nxd5 Rxc1 23.Nxc1 Bxd5 24.Rxd5 Ne5 25.Ne2 Bxh2+ 26.Kh1 Nc4 27.Bc1 Bg3 28.
Qg2 b5 29.g6 Re5 30.gxf7+ Kf8 31.Rd3 Re6 32.Qh3 Ne5 33.Qxe6 Nxd3 34.Bg5 
Bd6 35.Nd4 h6 36.Nc6 Ng3+ 37.Kg2 hxg5 38.Bxd3 Nh5 39.Kf1 Ng3+ 40.Ke1 1-0

[Event "26th EUR-ch"]
[Site "Katowice POL"]
[Date "2026.04.19"]
[Round "11.38"]
[White "Petkov, Momchil"]
[Black "Tulchynskyi, Feliks"]
[Result "1-0"]
[WhiteElo "2517"]
[BlackElo "2432"]
[EventDate "2026.04.07"]
[PlyCount "193"]

1.e4 e5 2.Nf3 Nc6 3.Bb5 a6 4.Ba4 Nf6 5.O-O Be7 6.Re1 b5 7.Bb3 O-O 8.a4 Bb7
9.d3 d6 10.Bg5 b4 11.Nbd2 Nd7 12.Be3 Na5 13.Ba2 c5 14.c3 Nc6 15.Nf1 Bf6 
16.Bd2 a5 17.Ne3 Nb6 18.h4 Bc8 19.g3 Be6 20.Nd5 Bg4 21.Ne3 Be6 22.Nd5 Bg4 
23.Kg2 Nxd5 24.Bxd5 Rc8 25.Qb3 Qd7 26.Nh2 Bh3+ 27.Kg1 Ne7 28.Bc4 Be6 29.
Bxe6 fxe6 30.Ng4 h5 31.Nxf6+ Rxf6 32.Bg5 Rf7 33.Qd1 Rcf8 34.Be3 g6 35.Bh6 
Rb8 36.Bg5 Nc6 37.g4 Rh7 38.Re3 Rf8 39.gxh5 gxh5 40.Rg3 Kh8 41.Qd2 Ne7 42.
Kh1 Qe8 43.Rag1 Qf7 44.Bxe7 Qxe7 45.Qg5 Qxg5 46.Rxg5 Rh6 47.R1g3 Rf7 48.
Kg2 Kh7 49.c4 Rd7 50.b3 Rf7 51.Kg1 Rhf6 52.Rxh5+ Rh6 53.Rxh6+ Kxh6 54.Kg2 
Rf8 55.Rf3 Rg8+ 56.Kf1 Kh5 57.Rf6 Kxh4 58.Rxe6 Rd8 59.Rg6 Kh5 60.Rg7 Ra8 
61.Ke2 Kh6 62.Re7 Kg5 63.Re6 Rd8 64.Ke3 Rd7 65.Re8 Rh7 66.Rd8 Rh3+ 67.Ke2 
Rh6 68.Rd7 Kf4 69.Rd8 Kg5 70.Ke3 Rh3+ 71.f3 Rh6 72.Rd7 Rf6 73.Rg7+ Kh4 74.
Kf2 Rh6 75.Rg8 Kh3 76.Ra8 Kh2 77.Rg8 Kh1 78.Rg1+ Kh2 79.Rg3 Rf6 80.Rg2+ 
Kh1 81.Rg1+ Kh2 82.Rg5 Rh6 83.f4 exf4 84.e5 dxe5 85.Rxe5 Kh1 86.Re1+ Kh2 
87.Re5 Kh1 88.Rxc5 Rh2+ 89.Kf3 Rh3+ 90.Kxf4 Rxd3 91.Rxa5 Rxb3 92.Rb5 Rb1 
93.a5 b3 94.a6 Rc1 95.Rxb3 Rxc4+ 96.Kg3 Rc1 97.a7 1-0

[Event "26th EUR-ch"]
[Site "Katowice POL"]
[Date "2026.04.19"]
[Round "11.39"]
[White "Brunello, Sabino"]
[Black "Valiyev, Shahin"]
[Result "1/2-1/2"]
[WhiteElo "2516"]
[BlackElo "2408"]
[EventDate "2026.04.07"]
[PlyCount "99"]

1.d4 d5 2.c4 e6 3.Nc3 Be7 4.cxd5 exd5 5.Bf4 c6 6.e3 Bf5 7.Nge2 Nd7 8.h4 
Nf8 9.h5 Nf6 10.Ng3 Bc8 11.Bd3 Ne6 12.Be5 Nd7 13.Nf5 Nxe5 14.dxe5 f6 15.
Nxe7 Qxe7 16.exf6 Qxf6 17.Qc2 Qh6 18.Ne2 Bd7 19.f4 O-O-O 20.O-O-O Rhe8 21.
Bg6 Re7 22.g4 Nxf4 23.exf4 hxg6 24.hxg6 Rxe2 25.Qxe2 Qxf4+ 26.Qd2 Qxg4 27.
Rhg1 Qc4+ 28.Kb1 Re8 29.Rde1 Rxe1+ 30.Rxe1 Bf5+ 31.Ka1 Bxg6 32.Qg5 Be4 33.
Qxg7 a5 34.Qe5 Qc5 35.Rf1 Qb4 36.a3 Qc5 37.Qg3 a4 38.Qe5 Bd3 39.Rh1 Qf2 
40.Qd6 Qd4 41.Re1 Qh8 42.Qb4 Bb5 43.Qf4 Qg7 44.Qd6 Qh8 45.Rg1 Qe8 46.Qh2 
Qe6 47.Qf4 Bc4 48.Rh1 b6 49.Qh4 Kb7 50.Qh7+ 1/2-1/2

[Event "26th EUR-ch"]
[Site "Katowice POL"]
[Date "2026.04.19"]
[Round "11.40"]
[White "Olszewski, Michal"]
[Black "Vardanyan, Aras"]
[Result "1/2-1/2"]
[WhiteElo "2516"]
[BlackElo "2408"]
[EventDate "2026.04.07"]
[PlyCount "100"]

1.e4 c5 2.Nf3 d6 3.d4 cxd4 4.Nxd4 Nf6 5.Nc3 Nc6 6.Be2 g6 7.Nb3 Bg7 8.O-O 
O-O 9.Bg5 Be6 10.f4 b5 11.Bf3 Rc8 12.Kh1 Bc4 13.Re1 h6 14.Bh4 e5 15.f5 g5 
16.Bf2 b4 17.Nb1 a5 18.N1d2 Ba6 19.a3 Qc7 20.axb4 Nxb4 21.Rxa5 Qxc2 22.Qa1
Nd3 23.Rxa6 Nxf2+ 24.Kg1 Nd3 25.Re3 Nc1 26.Rxd6 g4 27.Be2 Nxb3 28.Nxb3 
Nxe4 29.Rdd3 Nf6 30.Rxe5 Rfe8 31.Rxe8+ Rxe8 32.Bf1 Ne4 33.Qe1 Bf8 34.Qe2 
Qc7 35.Qxg4+ Kh8 36.Qf3 Qe5 37.g3 Qxb2 38.Qf4 Qc2 39.Re3 Qb1 40.Nd2 Nxd2 
41.Rxe8 Qb6+ 42.Qf2 Nf3+ 43.Kg2 Nh4+ 44.gxh4 Qc6+ 45.Qf3 Qxe8 46.Bc4 Bd6 
47.f6 Qe5 48.Qa8+ Bb8 49.Bxf7 Qe2+ 50.Kg1 Qe1+ 1/2-1/2

[Event "26th EUR-ch"]
[Site "Katowice POL"]
[Date "2026.04.19"]
[Round "11.41"]
[White "Maltsevskaya, Aleksandra"]
[Black "Boruchovsky, Avital"]
[Result "0-1"]
[WhiteElo "2393"]
[BlackElo "2510"]
[EventDate "2026.04.07"]
[PlyCount "84"]

1.e4 c5 2.Nf3 Nc6 3.Bb5 e6 4.d4 cxd4 5.Nxd4 Nf6 6.Nxc6 bxc6 7.Bd3 d5 8.Nd2
Bd6 9.O-O Qc7 10.h3 O-O 11.Qe2 e5 12.c4 dxe4 13.Nxe4 Nxe4 14.Bxe4 f5 15.c5
Be7 16.Bc2 Kh8 17.b4 a5 18.Bd2 e4 19.Bb3 Qe5 20.Rac1 axb4 21.Bxb4 Bg5 22.
Bc3 Qe7 23.Rcd1 e3 24.Rfe1 f4 25.fxe3 fxe3 26.Qh5 Bf5 27.Rd6 Bf4 28.Qf3 
Bxd6 29.cxd6 Qxd6 30.Qxe3 Qg6 31.Kh2 Rfe8 32.Be5 Re7 33.Qd4 Rae8 34.Re3 
Qh5 35.Bf6 Rd7 36.Qh4 Bg6 37.Rxe8+ Bxe8 38.Qb4 c5 39.Qc4 Qf7 40.Qe4 Qg6 
41.Qxg6 Bxg6 42.Be5 Bf7 0-1

[Event "26th EUR-ch"]
[Site "Katowice POL"]
[Date "2026.04.19"]
[Round "11.42"]
[White "Davtian, Artur"]
[Black "Medhus, Vitus Bondo"]
[Result "1-0"]
[WhiteElo "2509"]
[BlackElo "2401"]
[EventDate "2026.04.07"]
[PlyCount "79"]

1.e4 c5 2.Nf3 d6 3.d4 cxd4 4.Nxd4 Nf6 5.Nc3 a6 6.f3 e6 7.a3 b5 8.g4 h6 9.
Be3 Nbd7 10.Qd2 Bb7 11.O-O-O d5 12.g5 hxg5 13.Bxg5 b4 14.Nxd5 bxa3 15.
Nxf6+ gxf6 16.Be3 Nc5 17.Kb1 axb2 18.Nb5 Na4 19.Qd4 Rh5 20.Nd6+ Bxd6 21.
Qxa4+ Ke7 22.Bf4 e5 23.Be3 Qc7 24.Bc4 Bc6 25.Qa2 Rc8 26.Bb6 Qxb6 27.Bxf7 
Bd7 28.Bxh5 Be6 29.Qa4 f5 30.Rhg1 Qc6 31.Rg7+ Kf8 32.Qxc6 Rxc6 33.Ra7 Bc4 
34.exf5 Be7 35.Rdd7 Rb6 36.Ra8+ Kg7 37.Rxe7+ Kh6 38.Rh8+ Kg5 39.Rg7+ Kxf5 
40.Rf8+ 1-0

[Event "26th EUR-ch"]
[Site "Katowice POL"]
[Date "2026.04.19"]
[Round "11.43"]
[White "Samadov, Read"]
[Black "Sukiasian, Vahe A."]
[Result "1-0"]
[WhiteElo "2508"]
[BlackElo "2395"]
[EventDate "2026.04.07"]
[PlyCount "47"]

1.d4 Nf6 2.c4 e6 3.Nf3 d5 4.Nc3 Be7 5.cxd5 exd5 6.Qc2 c6 7.Bf4 g6 8.e3 Bf5
9.Bd3 Bxd3 10.Qxd3 Nbd7 11.h4 a5 12.Kf1 Qb6 13.Qc2 Nf8 14.g3 h5 15.Kg2 Ne6
16.Ng5 Ng7 17.e4 dxe4 18.Ncxe4 O-O 19.Bd6 Nxe4 20.Bxe7 Rfe8 21.Qxe4 Qc7 
22.Rhe1 Qd7 23.Qe5 Nf5 24.Ne4 1-0

[Event "26th EUR-ch"]
[Site "Katowice POL"]
[Date "2026.04.19"]
[Round "11.44"]
[White "Borrmann, Laurenz"]
[Black "Kilic, Eray"]
[Result "1/2-1/2"]
[WhiteElo "2391"]
[BlackElo "2502"]
[EventDate "2026.04.07"]
[PlyCount "41"]

1.d4 Nf6 2.c4 e6 3.Nf3 d5 4.Nc3 dxc4 5.e4 Bb4 6.Bxc4 Nxe4 7.O-O Nf6 8.Qa4+
Nc6 9.Bg5 Be7 10.Rad1 Bd7 11.Qc2 Nb4 12.Qe2 O-O 13.Ne5 Nbd5 14.Nxd5 exd5 
15.Bxf6 Bxf6 16.Bxd5 Ba4 17.Bxb7 Bxd1 18.Rxd1 Rb8 19.Nc6 Qd6 20.Nxb8 Rxb8 
21.Be4 1/2-1/2

[Event "26th EUR-ch"]
[Site "Katowice POL"]
[Date "2026.04.19"]
[Round "11.45"]
[White "Talu, Mircea"]
[Black "Macias Pino, Diego"]
[Result "0-1"]
[WhiteElo "2371"]
[BlackElo "2495"]
[EventDate "2026.04.07"]
[PlyCount "82"]

1.d4 Nf6 2.c4 e6 3.Nf3 d5 4.Nc3 c6 5.Bg5 h6 6.Bxf6 Qxf6 7.a3 dxc4 8.e3 b5 
9.Ne5 a6 10.Be2 Bd6 11.Ne4 Qe7 12.O-O O-O 13.b3 cxb3 14.Qxb3 c5 15.a4 cxd4
16.exd4 b4 17.a5 Bxe5 18.dxe5 Bb7 19.Nd6 Bd5 20.Bc4 Bxc4 21.Qxc4 Nd7 22.f4
f6 23.Rad1 Kh8 24.Rfe1 fxe5 25.fxe5 Rab8 26.Qxa6 Nc5 27.Qc4 Qa7 28.Kh1 b3 
29.h3 Qxa5 30.Rb1 Qb4 31.Rec1 b2 32.Rc2 Qxc4 33.Nxc4 Na4 34.Nd6 Rb4 35.Kg1
Rff4 36.Rc8+ Kh7 37.Rc7 Rf8 38.Kh2 Rfb8 39.g4 Rd4 40.Kg3 Rd3+ 41.Kh4 Rbb3 
0-1

[Event "26th EUR-ch"]
[Site "Katowice POL"]
[Date "2026.04.19"]
[Round "11.46"]
[White "Qalichava, Akaki"]
[Black "Navara, David"]
[Result "0-1"]
[WhiteElo "2322"]
[BlackElo "2643"]
[EventDate "2026.04.07"]
[PlyCount "76"]

1.e4 c5 2.Nf3 d6 3.d4 cxd4 4.Qxd4 Nf6 5.Nc3 Nc6 6.Bb5 Bd7 7.Bxc6 Bxc6 8.
Bg5 e6 9.O-O-O Be7 10.Qd3 Qa5 11.Kb1 O-O 12.h4 h6 13.g4 hxg5 14.hxg5 Nh7 
15.Nd5 Rfe8 16.Rh2 exd5 17.Rdh1 Bxg5 18.Nxg5 dxe4 19.Qe3 f6 20.Nxh7 Kf7 
21.g5 f5 22.g6+ Ke7 23.Qg5+ Kd7 24.Nf6+ gxf6 25.Qxf6 Rad8 26.Rh7+ Kc8 27.
Rg1 e3 28.fxe3 Rxe3 29.c3 Qe5 30.Qf7 Qe4+ 31.Kc1 Re1+ 32.Rxe1 Qxe1+ 33.Kc2
Qe2+ 34.Kc1 Qe3+ 35.Kc2 Be4+ 36.Kd1 Qd3+ 37.Ke1 Qg3+ 38.Ke2 Bf3+ 0-1

[Event "26th EUR-ch"]
[Site "Katowice POL"]
[Date "2026.04.19"]
[Round "11.47"]
[White "Bodrogi, Bendeguz"]
[Black "Demchenko, Anton"]
[Result "1/2-1/2"]
[WhiteElo "2454"]
[BlackElo "2636"]
[EventDate "2026.04.07"]
[PlyCount "103"]

1.Nf3 Nf6 2.g3 g6 3.b3 d6 4.d4 Bg7 5.Bb2 O-O 6.Bg2 a5 7.O-O c6 8.c4 Qc7 9.
Re1 Re8 10.d5 e5 11.dxe6 Bxe6 12.Nd4 a4 13.Nxe6 Rxe6 14.b4 Qb6 15.Qd2 a3 
16.Nxa3 Ra4 17.Rab1 Qa7 18.Nc2 Rxa2 19.Qd4 Qxd4 20.Nxd4 Re7 21.Nb3 Ne4 22.
Bxg7 Kxg7 23.c5 d5 24.Bxe4 Rxe4 25.Na5 Re7 26.e3 Ra4 27.Ra1 Rxb4 28.Reb1 
Na6 29.Rxb4 Nxb4 30.Rb1 Nd3 31.Nxb7 Ne5 32.Kg2 g5 33.Nd6 Ra7 34.Nf5+ Kg6 
35.Nd4 Ra5 36.f4 Nc4 37.Nxc6 Rxc5 38.Ne5+ Nxe5 39.fxe5 Rc2+ 40.Kg1 Kf5 41.
Rf1+ Kxe5 42.Rxf7 Ke4 43.Rxh7 Kxe3 44.Re7+ Kf3 45.Rf7+ Kg4 46.h4 d4 47.Kf1
d3 48.Ke1 gxh4 49.gxh4 Kxh4 50.Rd7 d2+ 51.Rxd2 Rxd2 52.Kxd2 1/2-1/2

[Event "26th EUR-ch"]
[Site "Katowice POL"]
[Date "2026.04.19"]
[Round "11.48"]
[White "Petrosian, Manuel"]
[Black "Tutisani, Noe"]
[Result "1-0"]
[WhiteElo "2584"]
[BlackElo "2454"]
[EventDate "2026.04.07"]
[PlyCount "151"]

1.Nf3 d5 2.b3 Nf6 3.Bb2 Bf5 4.g3 e6 5.Bg2 Be7 6.O-O h6 7.d3 O-O 8.Nbd2 a5 
9.a3 c6 10.Re1 Bh7 11.e4 Na6 12.Qe2 Nc5 13.Ne5 Ncd7 14.Nxd7 Qxd7 15.Nf3 
Qd8 16.Ne5 Re8 17.Qf3 d4 18.Nxf7 Kxf7 19.e5 Kg8 20.exf6 Bxf6 21.a4 Qd7 22.
Ba3 e5 23.Qh5 Bf5 24.Be4 Bxe4 25.Rxe4 b5 26.Bc1 Qf7 27.Qe2 Qd5 28.Bd2 Qc5 
29.Be1 Rf8 30.h4 Ra7 31.Kg2 b4 32.Rd1 Raf7 33.Rd2 Qd5 34.Qg4 Bd8 35.Re2 
Bc7 36.Kg1 Rf5 37.Qh3 Qf7 38.Qg2 Bd6 39.Bd2 c5 40.Bc1 Kh8 41.Rd2 Rf3 42.
Rde2 Rf5 43.Bd2 Kh7 44.Be1 Kh8 45.Qh3 Rf3 46.Qg4 Rf5 47.Kg2 Kh7 48.Rd2 Kh8
49.Ree2 h5 50.Qh3 Qb7+ 51.Kg1 Qc6 52.Qg2 Rf3 53.Rd1 Bc7 54.Bd2 Qg6 55.Bg5 
Bd6 56.Rdd2 c4 57.bxc4 b3 58.cxb3 Rxd3 59.Qc6 Rxd2 60.Bxd2 Qf5 61.Bxa5 d3 
62.Ra2 e4 63.Qxd6 e3 64.Be1 d2 65.Rxd2 exd2 66.Qxd2 Re8 67.Qd1 Qg4 68.f3 
Qf5 69.Bf2 Kh7 70.b4 Re7 71.Kg2 Rd7 72.Qe2 Rd3 73.Qe4 Qxe4 74.fxe4 Rc3 75.
c5 Rc4 76.b5 1-0

[Event "26th EUR-ch"]
[Site "Katowice POL"]
[Date "2026.04.19"]
[Round "11.49"]
[White "Socko, Bartosz"]
[Black "Willow, Jonah"]
[Result "1/2-1/2"]
[WhiteElo "2584"]
[BlackElo "2452"]
[EventDate "2026.04.07"]
[PlyCount "83"]

1.e4 c5 2.Nf3 g6 3.d4 cxd4 4.Qxd4 Nf6 5.Nc3 Nc6 6.Qa4 d6 7.e5 dxe5 8.Nxe5 
Bd7 9.Nxd7 Qxd7 10.Be3 Bg7 11.Rd1 Qg4 12.h3 Qxa4 13.Nxa4 O-O 14.c3 Rfd8 
15.Bc4 Ne5 16.Bb3 b5 17.Nc5 Nc4 18.Bxc4 bxc4 19.Ke2 Nd5 20.Nb7 Rd7 21.Nc5 
Rd6 22.Ne4 Nxe3 23.Rxd6 exd6 24.Kxe3 d5 25.Nc5 d4+ 26.cxd4 Re8+ 27.Kf3 
Bxd4 28.Na4 Re6 29.Rc1 Rf6+ 30.Ke4 Bxf2 31.Rxc4 Bg1 32.Rc2 g5 33.Nc3 Rf1 
34.Nd5 Kg7 35.g4 Rd1 36.Re2 Rd4+ 37.Ke5 Rd3 38.Ne7 Rxh3 39.Nf5+ Kg6 40.
Ne7+ Kg7 41.Nf5+ Kg6 42.Ne7+ 1/2-1/2

[Event "26th EUR-ch"]
[Site "Katowice POL"]
[Date "2026.04.19"]
[Round "11.50"]
[White "Costa, Leonardo"]
[Black "Jakubowski, Krzysztof"]
[Result "1-0"]
[WhiteElo "2556"]
[BlackElo "2434"]
[EventDate "2026.04.07"]
[PlyCount "97"]

1.e4 e6 2.d4 d5 3.e5 c5 4.c3 Nc6 5.Nf3 Qb6 6.a3 c4 7.Nbd2 Na5 8.Rb1 Bd7 9.
h4 h6 10.h5 Qc7 11.Rh3 Ne7 12.b4 cxb3 13.Nxb3 Ba4 14.Nfd2 Nec6 15.Bd3 
O-O-O 16.Bc2 f6 17.f4 Rg8 18.Qe2 f5 19.Rg3 Bxb3 20.Nxb3 g5 21.hxg6 Rd7 22.
Nxa5 Nxa5 23.Qb5 Qd8 24.Kf1 Rdg7 25.c4 Nxc4 26.Bd3 a6 27.Qa4 Rc7 28.Be2 h5
29.Bxh5 Bxa3 30.Rxa3 Nxa3 31.Qxa3 Qh4 32.Bf3 Qh1+ 33.Ke2 Rc2+ 34.Kd3 Rf2 
35.Qb4 Rxf3+ 36.gxf3 Qxf3+ 37.Be3 Qe4+ 38.Kd2 Qg2+ 39.Kc3 b5 40.Rc1 Qe2 
41.g7 a5 42.Qf8+ Kb7 43.Qf7+ Ka6 44.Qxe6+ Ka7 45.Qd7+ Ka6 46.Qc6+ Ka7 47.
Qc7+ Ka6 48.Kb3 Qxe3+ 49.Ka2 1-0

[Event "26th EUR-ch"]
[Site "Katowice POL"]
[Date "2026.04.19"]
[Round "11.51"]
[White "Tsolakidou, Stavroula"]
[Black "Vykouk, Jan"]
[Result "1/2-1/2"]
[WhiteElo "2452"]
[BlackElo "2553"]
[EventDate "2026.04.07"]
[PlyCount "82"]

1.e4 e6 2.d4 d5 3.Nc3 Nc6 4.e5 f6 5.Bb5 Bd7 6.Nf3 Qe7 7.Bxc6 Bxc6 8.a4 Qf7
9.Ne2 Ne7 10.h4 Bd7 11.Nf4 c5 12.dxc5 Nc6 13.Nd3 Be7 14.h5 O-O 15.Qe2 b6 
16.Be3 bxc5 17.Bxc5 Bxc5 18.Nxc5 Bc8 19.O-O Qxh5 20.Rfe1 Rb8 21.b3 Rb4 22.
exf6 Rxf6 23.Ne5 Qe8 24.f3 Nxe5 25.Qxe5 Qc6 26.Nd3 Rh4 27.Qg5 Qb6+ 28.Qe3 
Qc7 29.Qc5 Qb8 30.Kf2 Ba6 31.Ne5 Rf5 32.Qc6 Bc8 33.Re2 Re4 34.Rxe4 dxe4 
35.Rd1 Qxe5 36.Qxc8+ Kf7 37.Qd7+ Kg6 38.Qe8+ Kf6 39.Qf8+ Kg6 40.Qe8+ Kf6 
41.Qf8+ Kg6 1/2-1/2

[Event "26th EUR-ch"]
[Site "Katowice POL"]
[Date "2026.04.19"]
[Round "11.52"]
[White "Kolosowski, Mateusz"]
[Black "Sanal, Vahap"]
[Result "1/2-1/2"]
[WhiteElo "2444"]
[BlackElo "2551"]
[EventDate "2026.04.07"]
[PlyCount "101"]

1.e4 c5 2.Nc3 a6 3.g3 b5 4.Bg2 Bb7 5.Nge2 e6 6.d4 cxd4 7.Nxd4 Nf6 8.Qe2 
Nc6 9.Nxc6 Bxc6 10.Nd5 Be7 11.Nxe7 Qxe7 12.O-O O-O 13.Bg5 h6 14.Bxf6 Qxf6 
15.e5 Qf5 16.Rad1 Bxg2 17.Kxg2 b4 18.Rxd7 Rfc8 19.Rd3 Rc5 20.Re1 Rac8 21.
c3 bxc3 22.Rxc3 Rxc3 23.bxc3 Rxc3 24.Qxa6 Qf3+ 25.Kg1 Rc2 26.Qa7 g5 27.a4 
Ra2 28.Qd4 Kg7 29.Ra1 Qd5 30.Qc3 Rxa4 31.Rxa4 Qd1+ 32.Kg2 Qxa4 33.Qf3 g4 
34.Qf6+ Kg8 35.h3 Qe4+ 36.Kh2 gxh3 37.f3 Qg6 38.Qf4 Qh5 39.g4 Qh4 40.Qg3 
Qd8 41.Qf4 Qd1 42.Kxh3 Qh1+ 43.Kg3 Qg1+ 44.Kh3 Qf2 45.Qf6 Qe3 46.Qd8+ Kh7 
47.Qf6 Qa7 48.Kg2 Qd7 49.Kg3 Qa7 50.Kg2 Qd7 51.Kg3 1/2-1/2

[Event "26th EUR-ch"]
[Site "Katowice POL"]
[Date "2026.04.19"]
[Round "11.53"]
[White "Can, Emre"]
[Black "Kalogeris, Ioannis"]
[Result "0-1"]
[WhiteElo "2546"]
[BlackElo "2426"]
[EventDate "2026.04.07"]
[PlyCount "156"]

1.e4 e6 2.d4 d5 3.Nc3 Bb4 4.e5 c5 5.a3 Bxc3+ 6.bxc3 Nc6 7.h4 Qa5 8.Bd2 Bd7
9.Nf3 c4 10.h5 O-O-O 11.g3 h6 12.Bh3 g5 13.hxg6 fxg6 14.Bg2 Rf8 15.Kf1 Rh7
16.Kg1 Rhf7 17.Be1 Nce7 18.Nh2 Nf5 19.Qe2 Qb6 20.Qd1 Kb8 21.a4 Qa5 22.Qc1 
Bxa4 23.Qa3 b5 24.g4 Ng7 25.Nf1 Qd8 26.Ne3 h5 27.Qb2 Rb7 28.f3 a5 29.Bd2 
Qe8 30.Qa3 Qe7 31.Qc1 Qd7 32.Nd1 Rf7 33.Nb2 Ka7 34.Bg5 Rf8 35.Ra3 Ne7 36.
Bf6 Ne8 37.g5 Nf5 38.Kf2 Nc7 39.Qd2 Na8 40.Nxa4 bxa4 41.Rha1 Nb6 42.Bh3 
Ne7 43.Qc1 Nec8 44.R3a2 Re8 45.Qa3 Ka6 46.Rb2 Rc7 47.Rab1 Rc6 48.Rb5 Na7 
49.R5b2 Nac8 50.f4 Na7 51.Bg2 Nac8 52.Ke3 Na7 53.Kd2 Nac8 54.Bf3 Rg8 55.
Rb5 Na7 56.R5b2 Nac8 57.Bg2 Re8 58.Bh1 Rg8 59.Bf3 Re8 60.f5 exf5 61.Rb5 
Rc7 62.Bxd5 Qxb5 63.Rxb5 Kxb5 64.Bf3 Ka6 65.Ke3 Na7 66.Kf4 Nb5 67.Qa1 a3 
68.d5 Rc5 69.d6 Nd7 70.Qg1 a4 71.Be7 Rxe5 72.Bc6 Nxc3 73.Bxd7 R5xe7 74.Qc5
Re4+ 75.Kf3 Re3+ 76.Kg2 Re2+ 77.Kf1 Re1+ 78.Kg2 R8e2+ 0-1

[Event "26th EUR-ch"]
[Site "Katowice POL"]
[Date "2026.04.19"]
[Round "11.54"]
[White "Kantor, Gergely"]
[Black "Sowinski, Pawel"]
[Result "0-1"]
[WhiteElo "2544"]
[BlackElo "2421"]
[EventDate "2026.04.07"]
[PlyCount "104"]

1.d4 Nf6 2.c4 e6 3.Nf3 d5 4.Nc3 dxc4 5.e4 b5 6.e5 Nd5 7.Nxb5 Nb6 8.Be2 Be7
9.Be3 Nc6 10.a3 O-O 11.Qc2 Rb8 12.h4 Bb7 13.Rd1 Na5 14.Ng5 g6 15.Nc3 Nd5 
16.Nxd5 Bxd5 17.Nf3 Qc8 18.Bh6 Rd8 19.Qd2 Nc6 20.Qf4 Rxb2 21.Ng5 Rf8 22.h5
f6 23.hxg6 fxg5 24.Qh2 Qe8 25.Bxf8 Qxg6 26.Bxe7 Nxe7 27.Qh5 Kg7 28.Rc1 Nf5
29.Bxc4 Bxg2 30.Bd3 c6 31.Qxg6+ Kxg6 32.Rg1 Bf3 33.Rc3 g4 34.Bc2 Kg5 35.
Bd1 Bxd1 36.Kxd1 Rxf2 37.Rxc6 Nxd4 38.Rc7 h5 39.Rxa7 Nf3 40.Rh1 h4 41.a4 
g3 42.Rg7+ Kf4 43.a5 g2 44.Rh3 Ke3 45.a6 Rf1+ 46.Kc2 g1=Q 47.Rxg1 Rxg1 48.
Kb2 Rg8 49.Rh1 Ra8 50.Ra1 h3 51.Kb3 h2 52.Kb4 Ng1 0-1

[Event "26th EUR-ch"]
[Site "Katowice POL"]
[Date "2026.04.19"]
[Round "11.55"]
[White "Bakhmatskyi, Vladyslav"]
[Black "Kempinski, Robert"]
[Result "1/2-1/2"]
[WhiteElo "2442"]
[BlackElo "2527"]
[EventDate "2026.04.07"]
[PlyCount "20"]

1.e4 c5 2.Nf3 d6 3.d4 cxd4 4.Nxd4 Nf6 5.Nc3 a6 6.Be2 e6 7.Be3 Nc6 8.f4 Bd7
9.Bf3 Qc7 10.Nb3 b5 1/2-1/2

[Event "26th EUR-ch"]
[Site "Katowice POL"]
[Date "2026.04.19"]
[Round "11.56"]
[White "Isik, Alparslan"]
[Black "Petriashvili, Nikoloz"]
[Result "0-1"]
[WhiteElo "2435"]
[BlackElo "2518"]
[EventDate "2026.04.07"]
[PlyCount "98"]

1.d4 d6 2.Nf3 Nf6 3.c4 g6 4.Nc3 Bf5 5.Qb3 b6 6.h3 Bg7 7.g4 Bc8 8.e4 h5 9.
e5 dxe5 10.dxe5 Nfd7 11.e6 Nc5 12.exf7+ Kf8 13.Qc2 hxg4 14.Qxg6 gxf3 15.
Rg1 Qd4 16.Be3 Qf6 17.Qxg7+ Qxg7 18.Rxg7 Kxg7 19.Bd4+ Kxf7 20.Bxh8 Nc6 21.
Nd5 Bxh3 22.Bc3 Bxf1 23.Kxf1 e5 24.Rd1 Rh8 25.Kg1 Ne4 26.Ne3 Rg8+ 27.Kf1 
Ke6 28.Re1 Rh8 29.Kg1 Ng5 30.Nf1 Rh4 31.b3 Ne4 32.Re3 Rg4+ 33.Ng3 Nxg3 34.
fxg3 e4 35.Kf2 Ne5 36.Bxe5 Kxe5 37.Re1 Rg6 38.Rh1 Rd6 39.Rh5+ Kd4 40.Rh1 
a5 41.g4 Ke5 42.Kg3 Rf6 43.g5 Rf5 44.Kf2 Rxg5 45.Ke3 Rf5 46.Kf2 Kd4 47.
Rd1+ Kc3 48.Re1 Rf4 49.Ke3 f2 0-1

[Event "26th EUR-ch"]
[Site "Katowice POL"]
[Date "2026.04.19"]
[Round "11.57"]
[White "Royal, Shreyas"]
[Black "Piliposian, Robert"]
[Result "1/2-1/2"]
[WhiteElo "2515"]
[BlackElo "2420"]
[EventDate "2026.04.07"]
[PlyCount "40"]

1.d4 d5 2.c4 e6 3.Nf3 Nf6 4.g3 Be7 5.Bg2 O-O 6.Bf4 dxc4 7.Qa4 Nd5 8.Qxc4 
Nxf4 9.gxf4 c5 10.Nc3 cxd4 11.Nxd4 Qb6 12.O-O Nc6 13.Nxc6 bxc6 14.Qxc6 
Qxc6 15.Bxc6 Rb8 16.Rab1 Ba6 17.Rfd1 Rfc8 18.Bf3 Bf6 19.Rd6 Bc4 20.Rdd1 
Ba6 1/2-1/2

[Event "26th EUR-ch"]
[Site "Katowice POL"]
[Date "2026.04.19"]
[Round "11.58"]
[White "Stocek, Jiri"]
[Black "Risteski, Emil"]
[Result "1/2-1/2"]
[WhiteElo "2512"]
[BlackElo "2416"]
[EventDate "2026.04.07"]
[PlyCount "43"]

1.d4 d5 2.Nf3 e6 3.c4 h6 4.Bf4 Nf6 5.e3 c5 6.Nc3 cxd4 7.Nxd4 a6 8.Be2 dxc4
9.O-O Bc5 10.Bxc4 O-O 11.Nb3 Be7 12.Rc1 Nc6 13.Be2 e5 14.Bg3 Bf5 15.Nd2 
Qc7 16.e4 Be6 17.Bc4 Rad8 18.Bxe6 fxe6 19.Qe2 Nd4 20.Qd1 Nc6 21.Qe2 Nd4 
22.Qd1 1/2-1/2